[Event "HUN-chT2 Szechenyi 0910"]
[Site "Hungary"]
[Date "2009.12.20"]
[Round "4.6"]
[White "Farago, Bela"]
[Black "Domonkos, Tamas"]
[Result "0-1"]
[WhiteElo "1904"]
[BlackElo "1991"]
[PlyCount "102"]
[EventDate "2009.11.08"]
[EventType "team-tourn"]
[EventRounds "11"]
[EventCountry "HUN"]
[SourceTitle "EXT 2011"]
[Source "ChessBase"]
[SourceDate "2010.11.26"]
[SourceVersion "1"]
[SourceVersionDate "2010.11.26"]
[SourceQuality "1"]
[WhiteTeam "Kertvaros"]
[BlackTeam "Tapolca Szeremley"]
[WhiteTeamCountry "HUN"]
[BlackTeamCountry "HUN"]

1. e4 c6 2. c4 d6 3. d4 Nf6 4. Nc3 Nbd7 5. f4 e5 6. Nf3 Qc7 7. d5 Be7 8. f5 cxd5 9. Nxd5 Nxd5 10. cxd5 Nc5 11. Qc2 Bd7 12. Be3 Rc8 13. Rc1 Qa5+ 14. Bd2 Qxa2 15. Bc4 Qa4 16. b3 Qa3 17. 0-0 Nxb3 18. Qxb3 Qxb3 19. Bxb3 0-0 20. Rxc8 Rxc8 21. Rc1 Rxc1+ 22. Bxc1 Bb5 23. Bc2 Kf8 24. Ba3 Ke8 25. Kf2 Kd7 26. g4 h6 27. h4 f6 28. h5 Bd8 29. Nd2 Bb6+ 30. Ke1 Ba5 31. Kd1 a6 32. Nb3 Bc3 33. Kc1 Be2 34. Bd1 Bd3 35. Nc5+ dxc5 36. Bxc5 Bxe4 37. Bb3 Ke8 38. d6 Bc6 39. Kc2 Bd4 40. Bb4 b6 41. Bc4 a5 42. Ba3 Bc5 43. Bxc5 bxc5 44. Be6 Bf3 45. Kc3 Be2 46. Kb3 Bxg4 47. Kc4 Bxh5 48. Kxc5 a4 49. Kb4 Bd1 50. Kc5 h5 51. Bf7+ Kd8 0-1